MARC

LEADER 00000nam0a2200000 4500
001 240416
005 20231101231736.0
010 |a 5020140236 
020 |a RU  |b 90-41093 
035 |a (RuTPU)RU\TPU\book\261672 
090 |a 240416 
100 |a 20130620d1990 k y0rusy5003 ca 
101 0 |a rus 
102 |a RU 
105 |a a z 001zy 
200 1 |a Дефекты в кремнии и на его поверхности  |f В. С. Вавилов, В. Ф. Киселев, Б. Н. Мукашев 
210 |a Москва  |c Наука  |d 1990 
215 |a 213 с.  |c ил. 
225 1 |a Физика полупроводников и полупроводниковых приборов 
320 |a Библиогр.: с. 190-212. 
606 1 |a Полупроводники  |x Кристаллохимия  |2 stltpush  |3 (RuTPU)RU\TPU\subj\50565  |9 69218 
610 1 |a кремний 
610 1 |a кристаллы 
610 1 |a дефекты 
610 1 |a микроструктура 
610 1 |a примеси 
610 1 |a взаимодействия 
675 |a 537.311.322:548  |z rus 
700 1 |a Вавилов  |b В. С.  |g Виктор Сергеевич 
701 1 |a Киселев  |b В. Ф.  |g Всеволод Федорович 
701 1 |a Мукашев  |b Б. Н.  |g Булат Нигматович 
801 0 |a RU  |b RuMRKP  |c 19950417  |g psbo 
801 1 |a RU  |b 63413507  |c 20130620 
801 2 |a RU  |b 63413507  |c 20180430  |g RCR 
942 |c BK